| 000 | 003450000a22001450004500 | ||
|---|---|---|---|
| 003 | MACL | ||
| 040 | _aMACL | ||
| 090 |
_c32363 _d32361 |
||
| 100 | _aBhagwati, Jagdish | ||
| 245 |
_aKautilya Today _bJairam Ramesh On Globalizing India |
||
| 260 |
_bIndia Research Press _c2002 |
||
| 350 | _a395 | ||
| 650 | _aBiography | ||
| 942 |
_cBOOK _k920.71/Bha |
||
| 999 |
_c32034 _d32034 |
||